Famous Americans Quiz - Statistics

General Stats
  • This quiz has been taken 44 times
  • The average score is 11 of 16
Answer Stats
Picture Answer % Correct
Abraham Lincoln
97%
George Washington
97%
Franklin Delano Roosevelt
92%
Martin Luther King J.R.
92%
Theodore Roosevelt
92%
Eleanor Roosevelt
90%
Dwight Eisenhower
85%
John Adams
82%
Richard Nixon
82%
Thomas Jefferson
82%
Colonial Sanders
67%
Douglas McArthur
67%
James Polk
49%
Susan Anthony
31%
Walter Cronkite
21%
Werner Von Braun
21%
No matching quizzes found
Score Distribution
Percent of People with Each Score
Percentile by Number Answered
Your Score History
You have not taken this quiz